| 000 | | | 05092cem0a2200361#x 450 |
| 001 | | | 2e5ee26c-7ab7-4b43-af48-f84d2034989a |
| 005 | | | 20250901170132.0 |
| 100 | ## | $a | 20250901j194508##k###0rusy50 ca |
| 101 | 0# | $a | rus |
| 102 | ## | $a | RU |
| 120 | ## | $a | byy########## |
| 121 | ## | $a | a##aаbb#a |
| 122 | 2# | $a | d19450809## |
| | $a | d19450912## |
| 123 | 1# | $a | a |
| | $b | 3000000 |
| 124 | ## | $b | d |
| 200 | 1# | $a | Карта группировки противника, действовавшего и капитулировавшего перед 2-м Дальневосточным фронтом |
| | $j | 9 августа - 12 сентября 1945 г. |
| 251 | ## | $c | Документ |
| 300 | ## | $a | Подлинник |
| 300 | ## | $a | Масштаб 1:3 000 000, 30 км в 1 см |
| 461 | #0 | $1 | 2001 |
| | $a | Ф. 238 |
| | $1 | 251 |
| | $c | Фонд |
| | $1 | 852 |
| | $j | 238 |
| 462 | #0 | $1 | 2001 |
| | $a | Оп. 1584 |
| | $1 | 251 |
| | $c | Опись |
| | $1 | 852 |
| | $j | 1584 |
| 462 | #0 | $1 | 2001 |
| | $a | Д. 197 |
| | $v | Л. 1 |
| | $1 | 251 |
| | $c | Дело |
| | $1 | 852 |
| | $j | 197 |
| 601 | 02 | $2 | prlib_sh |
| | $3 | LIBNET\UAF\0000114694 |
| | $a | Дальневосточный фронт |
| | $j | Карты |
| 605 | ## | $2 | prlib_sh |
| | $3 | LIBNET\UAF\0000088514 |
| | $a | Вторая мировая война в архивных документах (Комплекс оцифрованных архивных документов, кино- и фотоматериалов) |
| | $l | коллекция |
| 605 | ## | $2 | acquisition_Prlib |
| | $3 | DITM\AF\0000000338 |
| | $a | Память о Великой Победе |
| | $l | коллекция |
| 606 | 1# | $2 | nlr_sh |
| | $3 | RU\NLR\AUTH\66249354 |
| | $a | Советско-японская война |
| | $z | 1945 |
| | $j | Карты |
| 608 | ## | $2 | prlib_sh |
| | $3 | DITM\AF\0000000377 |
| | $a | Военно-исторические карты |
| 686 | ## | $a | 63.3(2)622,14я64 |
| | $2 | rubbk |
| | $v | LBC/M |
| 801 | #0 | $a | RU |
| | $b | ПБ им. Б.Н. Ельцина |
| | $c | 20250901 |
| 801 | #1 | $a | RU |
| | $b | ПБ им. Б.Н. Ельцина |
| | $c | 20250901 |
| | $2 | rusmarc |
| 801 | #2 | $a | RU |
| | $b | ПБ им. Б.Н. Ельцина |
| | $c | 20250901 |
| | $2 | rusmarc |
| 850 | ## | $a | Центральный архив Министерства обороны Российской Федерации |
| 852 | ## | $a | ЦА МО РФ |
| | $j | Л. 1 |
| 035 | ## | $a | LIBNET\0001495420 |
| 937 | ## | $d | 198131163 |
| | $h | Федеральное архивное агентство |
| 856 | 4# | $u | http://readingroom.main.prlib.ru/item.aspx?id_node=n198131163&mode=full |